000 00303nam a22001337a 4500
008 260408b ||||| |||| 00| 0 eng d
020 _a9788779897731
041 _aeng
080 _a1.1
100 _a25
101 _apsiko
245 _aThe Evolution of a Science
_cL. Ron Hubbard
942 _2udc
_cBK
999 _c60967
_d60967